Statystyki dla Każdy zwycięzca Speedway Grand Prix

Kliknij tutaj aby rozwiązać quiz!

Ogólne statystyki

  • Ten quiz został rozwiązany 43 razy
  • Średni wynik to 24 z 28

Statystyki odpowiedzi

RokZwycięzca% Poprawnych
2022Bartosz Zmarzlik
100%
2020Bartosz Zmarzlik
100%
2019Bartosz Zmarzlik
100%
2021Artem Laguta
95%
2010Tomasz Gollob
95%
2018Tai Woffinden
89%
2015Tai Woffinden
89%
2013Tai Woffinden
89%
2017Jason Doyle
84%
1999Tony Rickardsson
84%
2005Tony Rickardsson
84%
1998Tony Rickardsson
84%
2002Tony Rickardsson
84%
2001Tony Rickardsson
84%
2011Greg Hancock
82%
2014Greg Hancock
82%
2016Greg Hancock
82%
1997Greg Hancock
82%
2009Jason Crump
82%
2006Jason Crump
82%
2004Jason Crump
82%
2008Nicki Pedersen
82%
2003Nicki Pedersen
82%
2007Nicki Pedersen
82%
1995Hans Nielsen
79%
2012Chris Holder
76%
2000Mark Loram
68%
1996Billy Hamill
63%

Rozkład punktacji

Percentyl według liczby udzielonych odpowiedzi

Procent ludzi z każdym wynikiem

Twoja historia wyników

Nie rozwiązałeś tego quizu